000 01272nam a2200301 i 4500
001 12202
003 KOSZ 005
005 20200630132826.0
008 080923s1958 pl a f 001 0 pol
015 _aPB 1958/4439
040 _aWA N
_cKOSZ 005/RW
_dKOSZ 005/RW
080 _a301+39+012/014
100 1 _aKrzywicki, Ludwik
_d(1859-1941).
_eAutor
245 1 0 _aArtykuły i rozprawy 1880-1886 /
_cLudwik Krzywicki ; [red. H. Holland] ; Polska Akademia Nauk.
260 _aWarszawa :
_bPaństwowe Wydawnictwo Naukowe,
_c1958.
300 _a606, [1] s., [3] k. tabl. :
_bil. ;
_c25 cm.
380 _aKsiążki.
490 1 _aDzieła / Ludwik Krzywicki ; [kom. red. Józef Chałasiński et al.] ;
_vt. 2.
500 _aWykaz prac L. Krzywickiego od 1880 do poł. 1886 r. pominiętych w t. 2 "Dzieł".
580 _aT. 1 poz. 803/1958.
650 4 _aNauki społeczne
700 1 _aChałasiński, Józef
_d(1904-1979).
_eRedakcja
700 1 _aHolland, Henryk
_d(1920-1961).
_eRedakcja
710 2 _aPaństwowe Wydawnictwo Naukowe
_4pbl.
800 1 _aKrzywicki, Ludwik
_d(1859-1941).
_tDzieła ;
_vt. 2.
856 _uhttp://koha.tu.koszalin.pl/cgi-bin/koha/opac-detail.pl?biblionumber=12202
_yKatalog online BPK
942 _2UKD
_cKS
999 _c12202
_d12202